Epidemiología clínica

Saved in:
Bibliografiske detaljer
Main Authors: Fletcher, Robert H (Author), Fletcher, Suzanne W (Author)
Format: Bog
Sprog:spansk
Udgivet: Barcelona Wolters Kluwer 2008
Udgivelse:4a. ed
Fag:
Tags: Tilføj Tag
Ingen Tags, Vær først til at tagge denne postø!

MARC

LEADER 00000cam a2200000 a 4500
001 UCD0472
003 CL-VaPUC
008 151127e20080000sp |||||||||||||||||spa|d
020 |a 9788496921009 
082 0 4 |a 614.4  |b FLE  |2 21 
100 0 |a Fletcher, Robert H  |e author  |9 583452 
700 0 |a Fletcher, Suzanne W  |e author  |9 583453 
245 1 0 |a Epidemiología clínica 
250 |a 4a. ed 
300 |a 269 p 
942 |c BK 
945 |d 20151127 13:45:00  |a gsalatino 
260 |a Barcelona  |b Wolters Kluwer  |c 2008 
650 0 |a Epidemiología   |9 271159 
650 0 |a Enfermedades  |9 263059 
650 0 |a Epidemias  |9 342402 
650 7 |a CLINICA  |2 CL-VaPUC  |9 379897 
583 |a last modification  |c 20151127 13:45:00  |k Rodrigo Vera 
999 |c 361994  |d 361992